Неповторимые черты таланта (Запись № 1476889)

Подробности
000 -МАРКЕР
контрольное поле 01506nam0a2200301 4500
001 - ИДЕНТИФИКАТОР ЗАПИСИ
контрольное поле RU\NLR\bibl\861814
005 - ИДЕНТИФИКАТОР ВЕРСИИ
контрольное поле 20260406115611.0
010 ## - МЕЖДУНАРОДНЫЙ СТАНДАРТНЫЙ НОМЕР КНИГИ (ISBN)
Номер (ISBN) 5-86656-179-4
Тираж 1000
021 ## - НОМЕР ГОСУДАРСТВЕННОЙ РЕГИСТРАЦИИ
Код страны Российская Федерация
Номер 2005-59172
Номер Листа государственной регистраци 2897
035 ## - ДРУГИЕ СИСТЕМНЫЕ НОМЕРА
Идентификатор записи (NLR Aleph) 000850489
100 ## - ДАННЫЕ ОБЩЕЙ ОБРАБОТКИ
Данные общей обработки 20051027d2005 |||y0rusy50 ca
101 0# - ЯЗЫК РЕСУРСА
Язык текста, звукозаписи и т.д. русский
102 ## - СТРАНА ПУБЛИКАЦИИ ИЛИ ПРОИЗВОДСТВА
Страна публикации Российская Федерация
105 ## - ПОЛЕ КОДИРОВАННЫХ ДАННЫХ: ТЕКСТОВЫЕ МАТЕРИАЛЫ, МОНОГРАФИЧЕСКИЕ
Кодированные данные о монографическом текстовом документе ach |||||||||
200 1# - ЗАГЛАВИЕ И СВЕДЕНИЯ ОБ ОТВЕТСТВЕННОСТИ
Основное заглавие Неповторимые черты таланта
Сведения, относящиеся к заглавию Борис Васильевич Курчатов: документы, воспоминания, избранные научные труды
Первые сведения об ответственности Рос. науч. центр "Курчатовский ин-т"
Последующие сведения об ответственности авт.-сост. и ред. Р.В. Кузнецова
210 ## - ПУБЛИКАЦИЯ, РАСПРОСТРАНЕНИЕ И ДР.
Место издания, распространения и т.д. Москва
Имя издателя, распространителя и т. д. ИздАТ
Дата издания, распространения и т.д. 2005
215 ## - ФИЗИЧЕСКАЯ ХАРАКТЕРИСТИКА
Специфическое обозначение материала и объем 749 с., [5] л. ил., цв. ил., портр.
Другие сведения о физической характеристике ил., факс., портр.
Размеры 24
320 ## - ПРИМЕЧАНИЯ О НАЛИЧИИ В ДОКУМЕНТЕ БИБЛИОГРАФИИ / УКАЗАТЕЛЯ
Текст примечания Указ. опубл. тр. Б.В. Курчатова: с. 728-740
600 #1 - ИМЯ ЛИЦА КАК ПРЕДМЕТ
Начальный элемент ввода Курчатов
Часть имени, кроме начального элемента ввода Б.В.
Даты 1905 - 1972
Расширение инициалов личного имени Борис Васильевич
Системный номер авторитетной/нормативной записи 2398136
Идентификатор авторитетной/нормативной записи RU\NLR\auth\661429696
686 ## - ИНДЕКСЫ ДРУГИХ КЛАССИФИКАЦИЙ
Индекс Г13г(2)Курчатов
702 #1 - ИМЯ ЛИЦА - ВТОРИЧНАЯ ОТВЕТСТВЕННОСТЬ
Код отношения Составитель
Материалы, к которым относится поле rus
Графика поля Кириллица
Начальный элемент ввода Кузнецова
Часть имени, кроме начального элемента ввода Р. В.
Дополнения к именам, кроме дат д-р истор. наук
Расширение инициалов личного имени Раиса Васильевна
Идентификатор авторитетной/нормативной записи RU\NLR\auth\7734154
Системный номер авторитетной/нормативной записи 17160
712 02 - НАИМЕНОВАНИЕ ОРГАНИЗАЦИИ - ВТОРИЧНАЯ ОТВЕТСТВЕННОСТЬ
Код отношения Прочие
Начальный элемент ввода "Курчатовский институт", российский научный центр
Идентификатор авторитетной/нормативной записи RU\NLR\AUTH\8811853
Системный номер авторитетной/нормативной записи 296377
801 #0 - ИСТОЧНИК ЗАПИСИ
Страна Российская Федерация
Организация NLR
Дата составления 20051027
Правила каталогизации rcr
801 #1 - ИСТОЧНИК ЗАПИСИ
Страна Российская Федерация
Организация NLR
Дата составления 20051027
942 ## - ДОПОЛНИТЕЛЬНЫЕ ЭЛЕМЕНТЫ ЗАПИСИ (АБИС)
Тип экземпляра АБИС Книга
980 ## - КОЛЛЕКЦИЯ
Название коллекции Национальная библиография
Экземпляры
Тип экземпляра Дата поступления Источник поступления Библиотека постоянного хранения Библиотека текущего хранения Место хранения Шифр хранения Штрих-код Статус экземпляра Стоимость
Книга 27.10.2005 Обязательный экземпляр РНБ (Московский) РНБ (Московский) Русский книжный фонд: издания с 1957 года 2005-7/5475 2030763    
Книга 27.10.2005 Обязательный экземпляр РНБ (Московский) РНБ (Московский) Русский книжный фонд: издания с 1957 года 2005-7/5475 2030764    
Книга 23.01.2020 Дар РНБ (Садовая) РНБ (Садовая) Универсальный читальный зал У Г13/Н-534 1-3050857   100.00